An efficient protocol for Agrobacterium-mediated genetic transformation in rubber tree (Hevea brasiliensis). (Record no. 48843)

MARC details
000 -LEADER
fixed length control field 00519nam a2200169Ia 4500
100 ## - MAIN ENTRY--AUTHOR NAME
Personal name Rekha K
245 #3 - TITLE STATEMENT
Title An efficient protocol for Agrobacterium-mediated genetic transformation in rubber tree (Hevea brasiliensis).
260 ## - PUBLICATION, DISTRIBUTION, ETC. (IMPRINT)
Name of publisher Plant Cell Biotechnology and Molecular Biology
Year of publication 2006
300 ## - PHYSICAL DESCRIPTION
Number of Pages 155-158
700 ## - ADDED ENTRY--PERSONAL NAME
Personal name Cyriac Jinu
700 ## - ADDED ENTRY--PERSONAL NAME
Personal name Jayashree R
700 ## - ADDED ENTRY--PERSONAL NAME
Personal name Jayasree P K
700 ## - ADDED ENTRY--PERSONAL NAME
Personal name Thulaseedharan A
700 ## - ADDED ENTRY--PERSONAL NAME
Personal name Venkatachalam P
942 ## - ADDED ENTRY ELEMENTS (KOHA)
Koha item type Bibliography STAF
Holdings
Withdrawn status Lost status Damaged status Not for loan Home library Current library Shelving location Date acquired Serial Enumeration / chronology Koha item type
      Bibliography RRII Library RRII Library Biotechnology 09/04/2014 Volume 7, Issue 04-Mar Bibliography STAF